000 00613nam a2200205Ii 4500
003 JO-AjNU
008 230605s9999||||xx |||||||||||||| ||und||
017 _a2009/7/2926
040 _aJO-AjNU
_bara
_erda
_cJO-AjNU
041 _aara
050 1 4 _aPJ3771.G6.A2834 2009
100 3 _aتاليف أبو عبسي، فهد,
_eauthor
_923118
245 0 0 _aملحمة جلجامش
264 3 1 _aعمان: وزارة الثقافة،2009
300 _a149ص
336 _atext
_btxt
_2rdacontent
337 _aunmediated
_bn
_2rdamedia
338 _avolume
_bnc
_2rdacarrier
650 4 _aالشعر-جلجاش
_923119
999 _aA8314
_c11882
_d11882